Representation theory of lie groups / (Record no. 12045)

MARC details
000 -LEADER
fixed length control field 01136cam a2200301 i 4500
001 - CONTROL NUMBER
control field 11803893
003 - CONTROL NUMBER IDENTIFIER
control field EG-ScBUE
005 - DATE AND TIME OF LATEST TRANSACTION
control field 20240922095426.0
008 - FIXED-LENGTH DATA ELEMENTS--GENERAL INFORMATION
fixed length control field 991006t2000 riu f b 000 0 eng d
020 ## - INTERNATIONAL STANDARD BOOK NUMBER
International Standard Book Number 0821819410 (alk. paper)
020 ## - INTERNATIONAL STANDARD BOOK NUMBER
International Standard Book Number 9780821819418
040 ## - CATALOGING SOURCE
Original cataloging agency DLC
Language of cataloging eng
Description conventions rda
Transcribing agency DLC
Modifying agency DLC
-- EG-ScBUE
082 04 - DEWEY DECIMAL CLASSIFICATION NUMBER
Classification number 512.55
Edition number 22
Item number REP
245 00 - TITLE STATEMENT
Title Representation theory of lie groups /
Statement of responsibility, etc Jeffrey Adams, David Vogan, editors.
264 #1 - PUBLICATION, DISTRIBUTION, ETC. (IMPRINT)
Place of publication, distribution, etc Providence, RI. :
Name of publisher, distributor, etc American Mathematical Society,
Date of publication, distribution, etc [2000]
264 #4 - PUBLICATION, DISTRIBUTION, ETC. (IMPRINT)
Date of publication, distribution, etc c2000
300 ## - PHYSICAL DESCRIPTION
Extent xii, 340 pages ;
Dimensions 27 cm
336 ## - CONTENT TYPE
Source rdacontent
Content type term text
Content type code txt
337 ## - MEDIA TYPE
Media type term unmediated
Source rdamedia
Media type code n
338 ## - CARRIER TYPE
Carrier type term volume
Carrier type code nc
Source rdacarrier
504 ## - BIBLIOGRAPHY, ETC. NOTE
Bibliography, etc Includes bibliographical references.
650 #7 - SUBJECT ADDED ENTRY--TOPICAL TERM
Topical term or geographic name as entry element Representations of Lie groups.
Source of heading or term BUEsh
9 (RLIN) 6981
655 ## - INDEX TERM--GENRE/FORM
Form subdivision Reading book
700 1# - ADDED ENTRY--PERSONAL NAME
Personal name Adams, Jeffrey,
Relator term editor.
9 (RLIN) 6982
700 1# - ADDED ENTRY--PERSONAL NAME
Personal name Vogan, David A.,
Dates associated with a name 1954-
Relator term editor.
9 (RLIN) 6983
942 ## - ADDED ENTRY ELEMENTS (KOHA)
Source of classification or shelving scheme Dewey Decimal Classification
Koha item type Book - Borrowing
Holdings
Withdrawn status Lost status Source of classification or shelving scheme Damaged status Not for loan Collection code Home library Current library Shelving location Date acquired Source of acquisition Cost, normal purchase price Total Checkouts Full call number Barcode Date last seen Price effective from Koha item type
    Dewey Decimal Classification     Alef-Baa Central Library Central Library First floor 29/06/2009   150.00   512.55 REP 000017100 15/07/2025 29/06/2009 Book - Borrowing